000 00858nas a2200289 4500
001 BR2010001453
003 BR-BrBNA
005 20231205113948.0
007 ta
008 230509b bl.|||p| |||| 00| 00por d
040 _aBR-BrBNA
_bpor
_cBiblioteca Nacional de Agricultura
041 _a(Pt)
072 _aH10
100 1 _aCastilhos-Fortes, R. de
100 1 _aAzambuja, A.O. de
100 1 _aPinto, L.M.N.
100 1 _aFiuza, L.M.
245 1 _aToxicologia de Bacillus thuringiensis aos insetos sociais
650 _aPRAGA DE PLANTA
650 _aBACTERIA
650 _aBACILLUS
650 _aCONTROLE BIOLÓGICO
650 _aTOXIDEZ
773 0 _tBiotecnologia, Ciência e Desenvolvimento (Brazil)
_xISSN 1414-6347
_g(2009-2010), v. 11(38) p. 40-43
_wBR2010001453
909 _a202311
_bLúcia
_c55
_dLúcia Elande
942 _2AGRIS
_n0
_cANA
999 _c206474
_d206474